00342nam a2200157Ia 4500003000900000008004100009040001300050040001300063041000800076100002500084245003200109260001800141300001100159300000800170490000600178IT-RoPAU120407s9999 xx 000 0 und d aIT-RoPAU cIT-RoPAU aita aMadame de La Fayette aLa principessa de Clèves. aRizzoli - Bur a390 p. c cm v1